[Event "XVII MetLife Najdorf Open 2017"]
[Site "Warsaw"]
[Date "2017.07.15"]
[Round "7"]
[White "Zylka, Stanislaw"]
[Black "Jaroch, Karol"]
[Result "1-0"]
[WhiteElo "2368"]
[BlackElo "2207"]
[Annotator "NA RC"]
[PlyCount "97"]
[EventDate "2017.??.??"]
[EventType "swiss"]
[EventCountry "POL"]
[SourceTitle "playchess.com"]
[Source "ChessBase"]
[SourceQuality "1"]
[TimeControl "40/5400+30:1800+30"]

1. d4 {[%emt 0:00:00]} e6 {[%emt 0:00:07]} 2. Nf3 {[%emt 0:00:00]} Nf6 {[%emt 0:00:21]} 3. g3 {[%emt 0:00:03]} b6 {[%emt 0:13:05]} 4. Bg2 {[%emt 0:00:11]} Bb7 {[%emt 0:00:02]} 5. O-O {[%emt 0:00:11]} Be7 {[%emt 0:00:08]} 6. c4 {[%emt 0:00:06]} d5 {[%emt 0:00:13]} 7. Ne5 {[%emt 0:02:12]} O-O {[%emt 0:00:22]} 8. Nc3 {[%emt 0:01:12]} Nbd7 {[%emt 0:10:45]} 9. Bf4 {[%emt 0:02:03]} c6 {[%emt 0:02:42]} 10. Qa4 {[%emt 0:11:38]} Nxe5 {[%emt 0:02:32]} 11. Bxe5 {[%emt 0:10:09]} a6 {[%emt 0:04:15]} 12. cxd5 {[%emt 0:01:25]} cxd5 {[%emt 0:00:33]} 13. Rfc1 {[%emt 0:15:22]} b5 {[%emt 0:02:10]} 14. Qd1 {[%emt 0:02:28]} Rc8 {[%emt 0:01:07]} 15. a4 {[%emt 0:06:38]} b4 {[%emt 0:07:38]} 16. Na2 {[%emt 0:00:28]} Qb6 {[%emt 0:01:44]} 17. h4 {[%emt 0:18:01]} Nd7 {[%emt 0:22:25]} 18. Bf4 {[%emt 0:00:42]} Nb8 {[%emt 0:01:40]} 19. e3 {[%emt 0:08:40]} Nc6 {[%emt 0:03:21]} 20. Bf1 {[%emt 0:02:42]} b3 {[%emt 0:09:11]} 21. Nc3 {[%emt 0:00:09]} Na5 {[%emt 0:00:03]} 22. Bd3 {[%emt 0:00:30]} Bb4 {[%emt 0:02:30]} 23. Ne2 {[%emt 0:05:09]} Rxc1 {[%emt 0:01:15]} 24. Nxc1 {[%emt 0:00:22]} Be7 {[%emt 0:00:11]} 25. h5 {[%emt 0:01:14]} h6 {[%emt 0:00:52]} 26. Qg4 {[%emt 0:00:41]} f5 {[%emt 0:01:48]} 27. Qg6 {[%emt 0:00:48]} Kh8 {[%emt 0:04:53]} 28. g4 {[%emt 0:04:21]} Qc6 {[%emt 0:05:52]} 29. Be5 {[%emt 0:00:47]} Bf6 {[%emt 0:00:44]} 30. gxf5 {[%emt 0:00:08]} exf5 {[%emt 0:01:01]} 31. Bxf5 {[%emt 0:01:31]} Kg8 {[%emt 0:00:02]} 32. Nd3 {[%emt 0:01:09]} Nc4 {[%emt 0:00:10]} 33. Rc1 {[%emt 0:01:00]} Bc8 {[%emt 0:00:57]} 34. Qh7+ {[%emt 0:01:30]} Kf7 {[%emt 0:00:01]} 35. Nb4 {[%emt 0:01:04]} Bxf5 {[%emt 0:00:29]} 36. Qxf5 {[%emt 0:00:08]} Qe6 {[%emt 0:00:15]} 37. Qxe6+ {[%emt 0:02:14]} Kxe6 {[%emt 0:00:04]} 38. Bxf6 {[%emt 0:00:09]} gxf6 {[%emt 0:00:09]} 39. Nxa6 {[%emt 0:00:48]} Nd2 {[%emt 0:01:49]} 40. Nc5+ {[%emt 0:00:00]} Kf5 {[%emt 0:00:02]} 41. f3 {[%emt 0:05:04]} Nxf3+ {[%emt 0:01:38]} 42. Kf2 {[%emt 0:03:13]} Nd2 {[%emt 0:00:06]} 43. Ke2 {[%emt 0:03:29]} Nc4 {[%emt 0:00:12]} 44. e4+ {[%emt 0:00:49]} Kg4 {[%emt 0:00:07]} 45. exd5 {[%emt 0:00:19]} Nxb2 {[%emt 0:00:07]} 46. d6 {[%emt 0:02:51]} Rd8 {[%emt 0:03:38]} 47. Nb7 {[%emt 0:03:36]} Rb8 {[%emt 0:03:15]} 48. d7 {[%emt 0:00:24]} Nxa4 {[%emt 0:00:05]} 49. d8=Q {[%emt 0:00:11]} 1-0

[Event "XVII MetLife Najdorf Open 2017"]
[Site "Warsaw"]
[Date "2017.07.15"]
[Round "7"]
[White "Zujev, Oleg"]
[Black "Adamski, Jan"]
[Result "1-0"]
[WhiteElo "2366"]
[BlackElo "2250"]
[Annotator "NA RC"]
[PlyCount "63"]
[EventDate "2017.??.??"]
[EventType "swiss"]
[EventCountry "POL"]
[SourceTitle "playchess.com"]
[Source "ChessBase"]
[SourceQuality "1"]
[TimeControl "40/5400+30:1800+30"]

1. d4 Nf6 2. c4 e6 3. Nc3 Bb4 4. e3 c5 5. Nge2 cxd4 6. exd4 O-O 7. a3 Be7 8. Nf4 d6 9. Be2 Nc6 10. Be3 Nxd4 11. Qxd4 e5 12. Qd2 exf4 13. Bxf4 Be6 14. Nd5 Bxd5 15. cxd5 Ne4 16. Qb4 Nc5 17. O-O Bf6 18. Rfe1 Rc8 19. Bf1 Qc7 20. Rad1 a6 21. a4 b6 22. h3 g6 23. Re3 Rfe8 24. Rde1 Rxe3 25. Rxe3 h5 26. b3 a5 27. Qe1 Nd7 28. Re8+ Rxe8 29. Qxe8+ Kg7 30. Bb5 Be5 31. Qxd7 Qc1+ 32. Bxc1 1-0

[Event "XVII MetLife Najdorf Open 2017"]
[Site "Warsaw"]
[Date "2017.07.15"]
[Round "7"]
[White "Lagunow, Raphael"]
[Black "Dmochowska, Agnieszka"]
[Result "1-0"]
[WhiteElo "2348"]
[BlackElo "2202"]
[Annotator "NA RC"]
[PlyCount "81"]
[EventDate "2017.??.??"]
[EventType "swiss"]
[EventCountry "POL"]
[SourceTitle "playchess.com"]
[Source "ChessBase"]
[SourceQuality "1"]
[TimeControl "40/5400+30:1800+30"]

1. e4 {[%emt 0:01:39]} e6 {[%emt 0:00:18]} 2. d4 {[%emt 0:00:16]} d5 {[%emt 0:00:22]} 3. Nd2 {[%emt 0:00:28]} Be7 {[%emt 0:00:40]} 4. Bd3 {[%emt 0:14:36]} c5 {[%emt 0:09:07]} 5. dxc5 {[%emt 0:08:02]} Nc6 {[%emt 0:05:37]} 6. Ngf3 {[%emt 0:01:45]} Nf6 {[%emt 0:00:27]} 7. exd5 {[%emt 0:01:11]} exd5 {[%emt 0:01:46]} 8. Nb3 {[%emt 0:06:58]} O-O {[%emt 0:01:36]} 9. O-O {[%emt 0:09:31]} Bg4 {[%emt 0:04:06]} 10. h3 {[%emt 0:01:35]} Bh5 {[%emt 0:03:23]} 11. Bg5 {[%emt 0:01:25]} Na5 {[%emt 0:19:45]} 12. c3 {[%emt 0:10:21]} Nxb3 {[%emt 0:16:01]} 13. axb3 {[%emt 0:00:43]} h6 {[%emt 0:04:18]} 14. Bxf6 {[%emt 0:08:07]} Bxf6 {[%emt 0:00:41]} 15. g4 {[%emt 0:04:21]} Bg6 {[%emt 0:00:04]} 16. Qc2 {[%emt 0:08:38]} Qc7 {[%emt 0:02:56]} 17. b4 {[%emt 0:07:22]} a5 {[%emt 0:01:38]} 18. bxa5 {[%emt 0:03:23]} Qxc5 {[%emt 0:00:52]} 19. Kg2 {[%emt 0:00:06]} d4 {[%emt 0:11:27]} 20. Bxg6 {[%emt 0:01:26]} fxg6 {[%emt 0:00:06]} 21. Qb3+ {[%emt 0:01:16]} Kh7 {[%emt 0:01:45]} 22. cxd4 {[%emt 0:03:33]} Bxd4 {[%emt 0:00:06]} 23. Rfc1 {[%emt 0:00:16]} Qa7 {[%emt 0:02:20]} 24. Rc2 {[%emt 0:00:50]} Rf6 {[%emt 0:04:30]} 25. Rd1 {[%emt 0:01:25]} Bc5 {[%emt 0:03:02]} 26. Qb5 {[%emt 0:00:30]} Raf8 {[%emt 0:03:11]} 27. Rd3 {[%emt 0:01:49]} Bd6 {[%emt 0:00:54]} 28. b4 {[%emt 0:01:06]} Qa8 {[%emt 0:01:43]} 29. Rcc3 {[%emt 0:00:43]} Qb8 {[%emt 0:00:25]} 30. Rc4 {[%emt 0:00:23]} R8f7 {[%emt 0:00:54]} 31. Qd5 {[%emt 0:00:16]} Bc7 {[%emt 0:00:22]} 32. Rdc3 {[%emt 0:00:36]} Rf4 {[%emt 0:01:08]} 33. Rxf4 {[%emt 0:00:24]} Rxf4 {[%emt 0:00:10]} 34. Rc4 {[%emt 0:00:04]} Rf6 {[%emt 0:00:21]} 35. Qe4 {[%emt 0:01:11]} Bd6 {[%emt 0:01:13]} 36. b5 {[%emt 0:00:15]} Qa7 {[%emt 0:00:37]} 37. b6 {[%emt 0:00:50]} Qa6 {[%emt 0:00:35]} 38. Rc8 {[%emt 0:00:23]} Qxa5 {[%emt 0:00:06]} 39. Qxb7 {[%emt 0:00:20]} Qb4 {[%emt 0:00:36]} 40. Qa8 {[%emt 0:00:00]} Rf8 {[%emt 0:00:50]} 41. b7 {[%emt 0:06:25]} 1-0

[Event "XVII MetLife Najdorf Open 2017"]
[Site "Warsaw"]
[Date "2017.07.15"]
[Round "7"]
[White "Spitzl, Vinzent"]
[Black "Zochowski, Kacper"]
[Result "1/2-1/2"]
[WhiteElo "2348"]
[BlackElo "2240"]
[Annotator "NA RC"]
[PlyCount "110"]
[EventDate "2017.??.??"]
[EventType "swiss"]
[EventCountry "POL"]
[SourceTitle "playchess.com"]
[Source "ChessBase"]
[SourceQuality "1"]
[TimeControl "40/5400+30:1800+30"]

1. e4 {[%emt 0:00:00]} e5 {[%emt 0:04:31]} 2. Nf3 {[%emt 0:00:00]} Nc6 {[%emt 0:00:11]} 3. Bb5 {[%emt 0:00:00]} a6 {[%emt 0:00:32]} 4. Ba4 {[%emt 0:00:00]} Nf6 {[%emt 0:00:28]} 5. O-O {[%emt 0:00:04]} b5 {[%emt 0:00:17]} 6. Bb3 {[%emt 0:00:04]} Be7 {[%emt 0:00:10]} 7. Re1 {[%emt 0:00:37]} d6 {[%emt 0:01:11]} 8. c3 {[%emt 0:00:05]} O-O {[%emt 0:00:14]} 9. h3 {[%emt 0:00:23]} Nb8 {[%emt 0:07:57]} 10. d4 {[%emt 0:00:09]} Nbd7 {[%emt 0:00:19]} 11. Nbd2 {[%emt 0:00:11]} Bb7 {[%emt 0:01:44]} 12. Bc2 {[%emt 0:00:08]} Re8 {[%emt 0:01:05]} 13. Nf1 {[%emt 0:00:11]} Bf8 {[%emt 0:00:43]} 14. Ng3 {[%emt 0:00:12]} g6 {[%emt 0:00:50]} 15. a4 {[%emt 0:03:05]} c5 {[%emt 0:05:35]} 16. d5 {[%emt 0:00:08]} c4 {[%emt 0:03:50]} 17. Bg5 {[%emt 0:01:03]} Nc5 {[%emt 0:10:04]} 18. Qd2 {[%emt 0:01:20]} Be7 {[%emt 0:00:37]} 19. Bh6 {[%emt 0:00:32]} Bf8 {[%emt 0:16:05]} 20. Be3 {[%emt 0:09:52]} Qc7 {[%emt 0:05:25]} 21. Ra3 {[%emt 0:01:10]} Nfd7 {[%emt 0:02:26]} 22. h4 {[%emt 0:06:47]} Nb6 {[%emt 0:09:11]} 23. axb5 {[%emt 0:08:28]} axb5 {[%emt 0:00:07]} 24. Rxa8 {[%emt 0:00:07]} Rxa8 {[%emt 0:01:03]} 25. h5 {[%emt 0:01:01]} Qe7 {[%emt 0:07:09]} 26. Bg5 {[%emt 0:11:10]} f6 {[%emt 0:02:19]} 27. Be3 {[%emt 0:00:43]} Nbd7 {[%emt 0:04:33]} 28. Nh4 {[%emt 0:04:06]} Qf7 {[%emt 0:01:29]} 29. Qe2 {[%emt 0:03:47]} Bc8 {[%emt 0:11:18]} 30. Qg4 {[%emt 0:06:02]} Nb6 {[%emt 0:00:19]} 31. Qe2 {[%emt 0:16:41]} Ra2 {[%emt 0:00:29]} 32. Bb1 {[%emt 0:00:09]} Ra1 {[%emt 0:00:12]} 33. Rf1 {[%emt 0:08:08]} Qe8 {[%emt 0:02:02]} 34. Nf3 {[%emt 0:02:14]} Bg4 {[%emt 0:00:00]} 35. hxg6 {[%emt 0:00:58]} hxg6 {[%emt 0:00:00]} 36. Qd2 {[%emt 0:00:39]} Nb3 {[%emt 0:00:25]} 37. Qc2 {[%emt 0:00:10]} Bxf3 {[%emt 0:01:01]} 38. gxf3 {[%emt 0:00:08]} Nd7 {[%emt 0:00:10]} 39. Qe2 {[%emt 0:02:36]} Bg7 {[%emt 0:00:50]} 40. Bc2 {[%emt 0:00:00]} Rxf1+ {[%emt 0:01:00]} 41. Qxf1 {[%emt 0:04:36]} Nbc5 {[%emt 0:00:45]} 42. Qa1 {[%emt 0:04:07]} Qb8 {[%emt 0:03:24]} 43. Qa5 {[%emt 0:00:47]} Kh7 {[%emt 0:00:36]} 44. Nf1 {[%emt 0:07:58]} Bh6 {[%emt 0:01:40]} 45. Bxc5 {[%emt 0:01:01]} Nxc5 {[%emt 0:00:58]} 46. Ne3 {[%emt 0:00:14]} Bf4 {[%emt 0:07:00]} 47. Kf1 {[%emt 0:03:14]} Kg7 {[%emt 0:01:43]} 48. Ke2 {[%emt 0:00:10]} Kf7 {[%emt 0:01:01]} 49. Qb4 {[%emt 0:01:37]} Qb7 {[%emt 0:01:31]} 50. Nf1 {[%emt 0:09:55]} Qa6 {[%emt 0:01:01]} 51. Nd2 {[%emt 0:02:57]} Bxd2 {[%emt 0:06:46]} 52. Kxd2 {[%emt 0:00:39]} Ke7 {[%emt 0:01:47]} 53. b3 {[%emt 0:02:20]} cxb3 {[%emt 0:01:39]} 54. Bxb3 {[%emt 0:00:07]} Qa1 {[%emt 0:04:15]} 55. Bd1 {[%emt 0:00:42]} Qa2+ {[%emt 0:01:01]} 1/2-1/2

[Event "XVII MetLife Najdorf Open 2017"]
[Site "Warsaw"]
[Date "2017.07.15"]
[Round "7"]
[White "Bartel, Michal"]
[Black "Szostko, Jakub"]
[Result "1/2-1/2"]
[WhiteElo "2343"]
[BlackElo "2208"]
[Annotator "RC"]
[PlyCount "61"]
[EventDate "2017.??.??"]
[EventType "swiss"]
[EventCountry "POL"]
[SourceTitle "playchess.com"]
[Source "ChessBase"]
[SourceQuality "1"]
[TimeControl "40/5400+30:1800+30"]

1. e4 {[%emt 0:00:00]} c5 {[%emt 0:00:05]} 2. Nf3 {[%emt 0:00:00]} d6 {[%emt 0:00:10]} 3. Nc3 {[%emt 0:00:45]} Nf6 {[%emt 0:00:29]} 4. d4 {[%emt 0:00:13]} cxd4 {[%emt 0:00:10]} 5. Qxd4 {[%emt 0:00:45]} a6 {[%emt 0:03:57]} 6. e5 {[%emt 0:00:14]} Nc6 {[%emt 0:01:05]} 7. Qa4 {[%emt 0:00:05]} dxe5 {[%emt 0:00:33]} 8. Nxe5 {[%emt 0:00:07]} Bd7 {[%emt 0:00:58]} 9. Nxd7 {[%emt 0:00:08]} Qxd7 {[%emt 0:00:28]} 10. Bd2 {[%emt 0:00:14]} g6 {[%emt 0:09:06]} 11. O-O-O {[%emt 0:00:56]} Bg7 {[%emt 0:02:39]} 12. Be3 {[%emt 0:09:37]} Qc8 {[%emt 0:04:12]} 13. Be2 {[%emt 0:06:46]} O-O {[%emt 0:01:29]} 14. Bf3 {[%emt 0:02:31]} Ne5 {[%emt 0:12:15]} 15. Nd5 {[%emt 0:00:54]} Nxd5 {[%emt 0:01:18]} 16. Bxd5 {[%emt 0:00:16]} e6 {[%emt 0:03:25]} 17. Bb3 {[%emt 0:01:38]} b5 {[%emt 0:02:18]} 18. Qe4 {[%emt 0:04:09]} a5 {[%emt 0:11:34]} 19. a4 {[%emt 0:05:54]} bxa4 {[%emt 0:02:07]} 20. Qxa4 {[%emt 0:01:23]} Rb8 {[%emt 0:01:59]} 21. Kb1 {[%emt 0:00:25]} Rb4 {[%emt 0:04:42]} 22. Qxa5 {[%emt 0:03:14]} Qb7 {[%emt 0:00:46]} 23. Rd8 {[%emt 0:02:10]} Nc4 {[%emt 0:08:53]} 24. Rxf8+ {[%emt 0:01:02]} Bxf8 {[%emt 0:00:10]} 25. Qg5 {[%emt 0:11:38]} Rxb3 {[%emt 0:09:04]} 26. cxb3 {[%emt 0:00:24]} Qxb3 {[%emt 0:00:53]} 27. Bc1 {[%emt 0:00:22]} Na3+ {[%emt 0:02:39]} 28. Ka1 {[%emt 0:00:19]} Nc2+ {[%emt 0:02:06]} 29. Kb1 {[%emt 0:00:02]} Na3+ {[%emt 0:02:27]} 30. Ka1 {[%emt 0:00:04]} Nc2+ {[%emt 0:07:18]} 31. Kb1 {[%emt 0:00:15]} 1/2-1/2

[Event "XVII MetLife Najdorf Open 2017"]
[Site "Warsaw"]
[Date "2017.07.15"]
[Round "7"]
[White "Pacan-Milej, Kosma"]
[Black "Heberla, Bartlomiej"]
[Result "0-1"]
[WhiteElo "2332"]
[BlackElo "2577"]
[Annotator "TA"]
[PlyCount "112"]
[EventDate "2017.??.??"]
[EventType "swiss"]
[EventCountry "POL"]
[SourceTitle "playchess.com"]
[Source "ChessBase"]
[SourceQuality "1"]

{[%evp 12,112,-26,-33,37,34,43,34,37,8,0,25,13,-42,0,0,0,-12,76,66,67,64,184,92,73,60,79,62,132,104,113,95,104,66,77,77,59,0,0,-90,-90,-90,-100,-90,-90,-97,-98,-89,-91,-83,-81,-145,-145,-197,-179,-325,-302,-300,-277,-273,-263,-232,-125,-130,-92,-92,-92,-172,-133,-226,-226,-226,-219,-163,-162,-150,-150,-823,-399,-743,-724,-4366,-2177,-12846,-29947,-29955,-29959,-29954,-29958,-29952,-29963,-29964,-29964,-29965,-29965,-29966,-29968,-29963,-6597,-29983,-6654,-4622,-4622]} 1. d4 d5 2. c4 e6 3. Nf3 a6 4. Nc3 Nf6 5. Bg5 dxc4 6. e3 {D24: Queen's Gambit Accepted: 3 Nf3 Nf6 4 Nc3} (6. a4 c5 7. e3 cxd4 8. exd4 Nc6 9. Bxc4 Be7 10. O-O O-O 11. Re1 Bd7 12. Qe2 Rc8 13. Rad1 Nd5 14. Bxd5 Bxg5 15. Be4 Bh6 16. d5 exd5 17. Rxd5 g6 18. Red1 Rc7 19. Rd6 Bf4 20. R6d3 {1-0 (41) Wang,H (2680)-Volokitin,A (2668) Calimanesti Caciulata 2016}) 6... b5 7. a4 {LiveBook: 9 Games} b4 (7... c6 $1 $15) 8. Ne4 $14 {White is slightly better.} Bb7 9. Nxf6+ gxf6 10. Bf4 c3 11. bxc3 bxc3 12. Qb3 $146 (12. Rb1 $11 Bc6 13. Bd3) ({Predecessor:} 12. Qc2 Bb4 13. Be2 f5 {0-1 (38) Opitz,P (2094)-Rihtaric,I (2195) ICCF email 2011}) 12... Bxf3 (12... Bd5 $5 {[%cal Rd5b3]} 13. Bc4 (13. Qxc3 Nc6 $15) 13... Nc6 14. Bxd5 Qxd5 15. Qxd5 exd5 $15) 13. gxf3 Nc6 14. Bd3 f5 (14... Rb8 $11 15. Qc4 Nb4) 15. Ke2 $1 $36 {[%mdl 3072] White has strong compensation. White has some pressure.} Bb4 ({Don't blunder} 15... Qxd4 $2 16. Qb7 $18) 16. Rhd1 Rb8 (16... Rg8 $1 $14) 17. Qc4 ({White should play} 17. Bxa6 $18 {aiming for Bb5.} Na5 18. Qc2) 17... Rb6 18. Bc2 Na5 $1 {[%cal Ra5c4]} 19. Qxc7 Rb7 (19... Qxc7 $14 20. Bxc7 Rb7 21. Bxa5 Bxa5) 20. Qxd8+ Kxd8 21. d5 Ke7 22. dxe6 fxe6 23. Be5 Rc8 24. Rd3 (24. Rab1 $14 Nc4 25. Bxc3) 24... Nc4 $11 25. Bxc3 (25. f4 $1 $11) 25... Nb2 $1 $17 26. Bxb4+ Rxb4 27. Rd2 Nc4 28. Rd3 {[#]} Nxe3 $1 {[%mdl 512]} 29. fxe3 (29. Rxe3 Rxc2+) 29... Rxc2+ {[%mdl 4096] Endgame KRR-KRR} 30. Rd2 Rc3 {Threatens to win with ...Rbb3.} 31. Rad1 (31. Kf2 $142) 31... Rh4 $1 {[%cal Rh4h2]} ({Don't play} 31... Rxa4 $6 32. Rd7+ Kf6 33. Rxh7 $11) 32. Rd7+ (32. Rh1 $17) 32... Kf6 $19 33. R1d3 (33. Rh1 $142) 33... Rxh2+ 34. Kd1 Rcc2 35. Rxh7 Rhg2 $1 {White must now prevent ...Ra2.} ({And not} 35... Rxh7 36. Kxc2 Ke5 37. a5 $11) 36. Rhd7 Ra2 (36... Rcf2 $19 {[%cal Rg2g1]} 37. Ke1 Rxf3) 37. Rd2 $17 Rg1+ 38. Ke2 Rxa4 39. R7d4 (39. Kf2 $17 {was worth a try.} Rh1 40. Kg3) 39... Raa1 {...Rg2+ is the strong threat.} 40. f4 (40. Kf2 $17) 40... Rg2+ $19 41. Kf3 Rxd2 42. Rxd2 {[#] KR-KR} Ke7 $1 43. Rb2 a5 {[%cal Ba6a5,Ba5a4,Ba4a3,Ba3a2][%mdl 32] Hoping for ...a4.} 44. Rb6 $2 (44. Rb7+ $17 Kf6 45. Ke2) 44... a4 45. Ra6 {and the idea Ke2 leaves White hopeful.} a3 46. Kf2 Kd7 (46... a2 $142 47. Kg2 Kd7) 47. Kg2 a2 48. Kh2 Kc7 49. Kg2 Kb7 50. Ra3 Kb6 51. Ra8 Kb5 52. Kh2 Kc4 53. Ra3 Kb4 54. Ra8 Kc3 (54... Kb3 $142 55. Rb8+ Kc3 56. Rc8+ Kd3 57. Ra8 Kxe3 58. Ra4 Kf3 59. Ra6 Kxf4 60. Ra4+ Ke3 61. Ra3+ Ke2 62. Ra4 {[#]} f4 $1 {[%mdl 512]} 63. Ra6 e5 64. Ra5 e4 65. Ra4 e3 66. Rxf4 Rf1 67. Ra4 Kf3 68. Ra7 a1=Q 69. Rf7+ Ke2 70. Rxf1 Kxf1 71. Kg3 Qf6 72. Kg4 e2 73. Kh5 e1=Q 74. Kg4 Qeh4#) 55. Ra4 Kd3 (55... Kb3 $142 56. Ra6 Re1 57. Rxa2 Kxa2 58. Kg3 Rxe3+ 59. Kg2 Rb3 60. Kf2 Kb2 61. Kf1 Kc3 62. Ke2 Kc2 63. Kf1 Kd3 64. Kf2 Kd2 65. Kg1 Ke3 66. Kg2 Ke2 67. Kg1 Kf3 68. Kh1 Kg3 69. Kg1 Rb1#) 56. Ra3+ Kd2 {Precision: White = 40%, Black = 55%.} 0-1

[Event "XVII MetLife Najdorf Open 2017"]
[Site "Warsaw"]
[Date "2017.07.15"]
[Round "7"]
[White "Baskin, Robert"]
[Black "Fieberg, Samuel"]
[Result "1/2-1/2"]
[WhiteElo "2330"]
[BlackElo "2169"]
[Annotator "RC"]
[PlyCount "71"]
[EventDate "2017.??.??"]
[EventType "swiss"]
[EventCountry "POL"]
[SourceTitle "playchess.com"]
[Source "ChessBase"]
[SourceQuality "1"]
[TimeControl "40/5400+30:1800+30"]

1. d4 {[%emt 0:00:00]} d5 {[%emt 0:00:05]} 2. c4 {[%emt 0:00:00]} c6 {[%emt 0:00:03]} 3. Nf3 {[%emt 0:00:00]} Nf6 {[%emt 0:00:04]} 4. e3 {[%emt 0:00:00]} Bg4 {[%emt 0:00:05]} 5. h3 {[%emt 0:00:12]} Bh5 {[%emt 0:00:07]} 6. g4 {[%emt 0:00:17]} Bg6 {[%emt 0:00:05]} 7. Ne5 {[%emt 0:00:05]} e6 {[%emt 0:09:14]} 8. Nd2 {[%emt 0:00:26]} Nbd7 {[%emt 0:00:46]} 9. Nxg6 {[%emt 0:00:39]} hxg6 {[%emt 0:00:06]} 10. Bg2 {[%emt 0:00:03]} dxc4 {[%emt 0:03:45]} 11. Nxc4 {[%emt 0:05:36]} Nb6 {[%emt 0:00:26]} 12. Qb3 {[%emt 0:04:16]} Nxc4 {[%emt 0:07:57]} 13. Qxc4 {[%emt 0:06:19]} Be7 {[%emt 0:00:15]} 14. O-O {[%emt 0:05:12]} O-O {[%emt 0:01:14]} 15. b4 {[%emt 0:05:00]} Qb6 {[%emt 0:04:59]} 16. Bd2 {[%emt 0:01:16]} Rfd8 {[%emt 0:01:18]} 17. Rfd1 {[%emt 0:11:28]} Nd5 {[%emt 0:05:08]} 18. Rab1 {[%emt 0:09:21]} Qb5 {[%emt 0:04:36]} 19. Qb3 {[%emt 0:03:27]} Nb6 {[%emt 0:00:10]} 20. Be1 {[%emt 0:13:24]} a6 {[%emt 0:05:38]} 21. Rdc1 {[%emt 0:06:43]} Qa4 {[%emt 0:15:19]} 22. Qxa4 {[%emt 0:02:25]} Nxa4 {[%emt 0:00:07]} 23. Be4 {[%emt 0:00:04]} Nb6 {[%emt 0:01:14]} 24. Bc2 {[%emt 0:05:45]} Nd5 {[%emt 0:00:08]} 25. a4 {[%emt 0:02:05]} Nc7 {[%emt 0:00:05]} 26. f3 {[%emt 0:04:08]} Bd6 {[%emt 0:00:42]} 27. Bh4 {[%emt 0:04:22]} Rd7 {[%emt 0:00:29]} 28. Be1 {[%emt 0:03:15]} g5 {[%emt 0:02:38]} 29. Rd1 {[%emt 0:01:42]} g6 {[%emt 0:01:24]} 30. Kf2 {[%emt 0:00:30]} Kg7 {[%emt 0:00:22]} 31. e4 {[%emt 0:02:39]} Bf4 {[%emt 0:01:41]} 32. Bc3 {[%emt 0:00:54]} f6 {[%emt 0:00:29]} 33. Bd3 {[%emt 0:00:50]} e5 {[%emt 0:05:19]} 34. Be2 {[%emt 0:02:31]} Rad8 {[%emt 0:01:13]} 35. dxe5 {[%emt 0:00:06]} Bxe5 {[%emt 0:00:09]} 36. Rxd7+ {[%emt 0:00:51]} 1/2-1/2

[Event "XVII MetLife Najdorf Open 2017"]
[Site "Warsaw"]
[Date "2017.07.15"]
[Round "7"]
[White "Lewicki, Miroslaw"]
[Black "Sliwicka, Alicja"]
[Result "1-0"]
[WhiteElo "2323"]
[BlackElo "2164"]
[Annotator "NA RC"]
[PlyCount "93"]
[EventDate "2017.??.??"]
[EventType "swiss"]
[EventCountry "POL"]
[SourceTitle "playchess.com"]
[Source "ChessBase"]
[SourceQuality "1"]
[TimeControl "40/5400+30:1800+30"]

1. e4 {[%emt 0:00:00]} c5 {[%emt 0:00:05]} 2. Nf3 {[%emt 0:00:00]} d6 {[%emt 0:00:06]} 3. d4 {[%emt 0:00:00]} cxd4 {[%emt 0:00:06]} 4. Nxd4 {[%emt 0:00:00]} Nf6 {[%emt 0:00:07]} 5. Nc3 {[%emt 0:00:00]} Nc6 {[%emt 0:00:06]} 6. Be2 {[%emt 0:01:13]} e5 {[%emt 0:00:13]} 7. Nb3 {[%emt 0:00:12]} Be7 {[%emt 0:00:29]} 8. O-O {[%emt 0:00:14]} a5 {[%emt 0:00:33]} 9. Be3 {[%emt 0:00:30]} Be6 {[%emt 0:10:15]} 10. Nd5 {[%emt 0:03:37]} O-O {[%emt 0:07:03]} 11. Bb6 {[%emt 0:05:14]} Qd7 {[%emt 0:00:19]} 12. Nc7 {[%emt 0:01:45]} Rac8 {[%emt 0:02:21]} 13. Nxe6 {[%emt 0:00:13]} Qxe6 {[%emt 0:04:54]} 14. Nxa5 {[%emt 0:06:24]} Nxa5 {[%emt 0:03:47]} 15. Bxa5 {[%emt 0:00:07]} Nxe4 {[%emt 0:01:00]} 16. c4 {[%emt 0:01:35]} f5 {[%emt 0:05:21]} 17. Qb3 {[%emt 0:03:19]} Nc5 {[%emt 0:10:53]} 18. Qb5 {[%emt 0:00:09]} f4 {[%emt 0:06:59]} 19. b4 {[%emt 0:09:27]} Ne4 {[%emt 0:01:39]} 20. Rac1 {[%emt 0:13:31]} Bg5 {[%emt 0:09:05]} 21. Bf3 {[%emt 0:03:32]} Nf6 {[%emt 0:01:58]} 22. Rfe1 {[%emt 0:03:51]} Kh8 {[%emt 0:02:15]} 23. Qxb7 {[%emt 0:03:16]} Rxc4 {[%emt 0:00:52]} 24. Rxc4 {[%emt 0:01:42]} Qxc4 {[%emt 0:00:08]} 25. Qc6 {[%emt 0:00:26]} Qxa2 {[%emt 0:02:12]} 26. Qxd6 {[%emt 0:00:09]} Re8 {[%emt 0:02:43]} 27. Bc6 {[%emt 0:00:57]} Rc8 {[%emt 0:05:39]} 28. Qxe5 {[%emt 0:01:27]} Rxc6 {[%emt 0:02:15]} 29. Qxg5 {[%emt 0:00:06]} Re6 {[%emt 0:01:07]} 30. Rf1 {[%emt 0:01:35]} Qd2 {[%emt 0:00:36]} 31. g3 {[%emt 0:01:34]} Re4 {[%emt 0:01:20]} 32. Qc5 {[%emt 0:03:08]} h6 {[%emt 0:02:21]} 33. Qc1 {[%emt 0:00:25]} Qd4 {[%emt 0:03:09]} 34. Rd1 {[%emt 0:01:15]} Qa7 {[%emt 0:02:13]} 35. Qc5 {[%emt 0:04:34]} Qf7 {[%emt 0:00:42]} 36. Qf5 {[%emt 0:02:37]} Qe7 {[%emt 0:02:27]} 37. Rd8+ {[%emt 0:01:57]} Ne8 {[%emt 0:02:07]} 38. gxf4 {[%emt 0:01:06]} Re1+ {[%emt 0:03:50]} 39. Kg2 {[%emt 0:00:07]} Qe2 {[%emt 0:00:57]} 40. Bb6 {[%emt 0:00:00]} Qf1+ {[%emt 0:01:46]} 41. Kg3 {[%emt 0:05:48]} Qe2 {[%emt 0:07:43]} 42. Be3 {[%emt 0:06:14]} Rg1+ {[%emt 0:01:31]} 43. Kh4 {[%emt 0:00:06]} g5+ {[%emt 0:00:45]} 44. fxg5 {[%emt 0:00:07]} hxg5+ {[%emt 0:00:42]} 45. Bxg5 {[%emt 0:00:06]} Rxg5 {[%emt 0:10:19]} 46. Qf8+ {[%emt 0:00:51]} Kh7 {[%emt 0:00:21]} 47. Kxg5 {[%emt 0:00:05]} 1-0